Management for Pharmacy Practitioners/ (Record no. 19500)
[ view plain ]
| 000 -LEADER | |
|---|---|
| fixed length control field | 00438nam a22001577a 4500 |
| 008 - FIXED-LENGTH DATA ELEMENTS--GENERAL INFORMATION | |
| fixed length control field | 220920b |||||||| |||| 00| 0 eng d |
| 020 ## - INTERNATIONAL STANDARD BOOK NUMBER | |
| International Standard Book Number | 9914404937 |
| 050 ## - LIBRARY OF CONGRESS CALL NUMBER | |
| Classification number | HF5686 |
| Item number | .C44 2021 |
| 100 ## - MAIN ENTRY--PERSONAL NAME | |
| Personal name | Chepkech, Noah |
| 245 ## - TITLE STATEMENT | |
| Title | Management for Pharmacy Practitioners/ |
| Statement of responsibility, etc. | Noah Chepkech |
| 250 ## - EDITION STATEMENT | |
| Edition statement | 1st ed. |
| 260 ## - PUBLICATION, DISTRIBUTION, ETC. (IMPRINT) | |
| Place of publication, distribution, etc. | Nairobi |
| Name of publisher, distributor, etc. | Healthcare media limited |
| Date of publication, distribution, etc. | 2021 |
| 300 ## - PHYSICAL DESCRIPTION | |
| Extent | xii, 221p. |
| 650 ## - SUBJECT ADDED ENTRY--TOPICAL TERM | |
| Topical term or geographic name as entry element | Pharmacy management |
| 942 ## - ADDED ENTRY ELEMENTS (KOHA) | |
| Source of classification or shelving scheme | Library of Congress Classification |
| Koha item type | General Collection |
| Withdrawn status | Lost status | Source of classification or shelving scheme | Not for loan | Home library | Current library | Date acquired | Total Checkouts | Full call number | Barcode | Date last seen | Price effective from | Koha item type |
|---|---|---|---|---|---|---|---|---|---|---|---|---|
| Library of Congress Classification | Kabarak, Main Campus | Kabarak, Main Campus | 20/09/2022 | HF5686 .C44 2021 c.1 | 031840 | 20/09/2022 | 20/09/2022 | General Collection | ||||
| Library of Congress Classification | Kabarak, Main Campus | Kabarak, Main Campus | 20/09/2022 | HF5686 .C44 2021 c.2 | 031841 | 20/09/2022 | 20/09/2022 | General Collection | ||||
| Library of Congress Classification | Kabarak, Main Campus | Kabarak, Main Campus | 20/09/2022 | HF5686 .C44 2021 c.3 | 031842 | 20/09/2022 | 20/09/2022 | General Collection | ||||
| Library of Congress Classification | Kabarak, Main Campus | Kabarak, Main Campus | 20/09/2022 | HF5686 .C44 2021 c.4 | 031843 | 20/09/2022 | 20/09/2022 | General Collection | ||||
| Library of Congress Classification | Kabarak, Main Campus | Kabarak, Main Campus | 20/09/2022 | HF5686 .C44 2021 c.5 | 031844 | 20/09/2022 | 20/09/2022 | General Collection | ||||
| Library of Congress Classification | Kabarak, Main Campus | Kabarak, Main Campus | 20/09/2022 | HF5686 .C44 2021 c.6 | 031845 | 20/09/2022 | 20/09/2022 | General Collection | ||||
| Library of Congress Classification | Kabarak, Main Campus | Kabarak, Main Campus | 20/09/2022 | HF5686 .C44 2021 c.7 | 031846 | 20/09/2022 | 20/09/2022 | General Collection | ||||
| Library of Congress Classification | Kabarak, Main Campus | Kabarak, Main Campus | 20/09/2022 | HF5686 .C44 2021 c.2 | 031848 | 20/09/2022 | 20/09/2022 | General Collection | ||||
| Library of Congress Classification | Kabarak, Nakuru City Campus | Kabarak, Nakuru City Campus | 20/09/2022 | HF5686 .C44 2021 c.1 | 031847 | 20/09/2022 | 20/09/2022 | General Collection |